Coupes du Monde de Football: Turquie - Statistiques

Statistiques générales
  • Ce quiz a été pris 254 fois
  • Le résultat moyen est 5 sur 7
Statistiques - réponses
Réponse % Correct
Brésil
95%
Corée du Sud
84%
RFA
77%
Japon
67%
Sénégal
63%
Chine
49%
Costa Rica
35%
Aucun quiz correspondant
Distribution des résultats
% des personnes avec chaque résultat
Percentile par nombre de réponses
Votre historique - résultats
Vous n’avez pas pris ce quiz